[Event "Tel Aviv After Holidays IM"]
[Site "Tel Aviv"]
[Date "2003.10.26"]
[Round "7"]
[White "Ben Pinchas, Naftali"]
[Black "Shutzman, Joseph"]
[Result "1/2-1/2"]
[WhiteElo "2146"]
[BlackElo "2261"]
[PlyCount "87"]
[EventDate "2003.10.19"]
[EventType "tourn"]
[EventRounds "9"]
[EventCountry "ISR"]
[EventCategory "1"]
[SourceTitle "EXT 2004"]
[Source "ChessBase"]
[SourceDate "2003.11.25"]
[SourceVersion "1"]
[SourceVersionDate "2003.11.25"]
[SourceQuality "1"]

1. Nf3 d6 2. c4 e5 3. Nc3 f5 4. d3 Nf6 5. g3 Be7 6. Bg2 Na6 7. 0-0 c6 8. Rb1 Nc7 9. b4 0-0 10. b5 c5 11. Qb3 Ne6 12. Ng5 Nd4 13. Qd1 h6 14. Nf3 f4 15. e3 Nxf3+ 16. Bxf3 Bh3 17. Re1 fxg3 18. fxg3 Qd7 19. Nd5 Nxd5 20. Bxd5+ Kh8 21. Bg2 Rf7 22. Bxh3 Qxh3 23. Rf1 Raf8 24. Rxf7 Rxf7 25. Qe2 e4 26. Bd2 Qf5 27. dxe4 Qxe4 28. Rc1 Rf3 29. a4 Bg5 30. Rc3 Bf6 31. Rc1 Bd4 32. Re1 Be5 33. Qg2 Kh7 34. a5 a6 35. bxa6 bxa6 36. Rf1 Rxf1+ 37. Qxf1 h5 38. Qf7 Qb1+ 39. Kf2 Qd1 40. Be1 Qg4 41. Qd5 h4 42. Qf3 hxg3+ 43. hxg3 Qxf3+ 44. Kxf3 1/2-1/2

[Event "Tel Aviv After Holidays IM"]
[Site "Tel Aviv"]
[Date "2003.10.22"]
[Round "4"]
[White "Eljanov, Vladimir"]
[Black "Ben Pinchas, Naftali"]
[Result "1/2-1/2"]
[WhiteElo "2419"]
[BlackElo "2146"]
[PlyCount "22"]
[EventDate "2003.10.19"]
[EventType "tourn"]
[EventRounds "9"]
[EventCountry "ISR"]
[EventCategory "1"]
[SourceTitle "EXT 2004"]
[Source "ChessBase"]
[SourceDate "2003.11.25"]
[SourceVersion "1"]
[SourceVersionDate "2003.11.25"]
[SourceQuality "1"]

1. c4 c5 2. Nf3 Nf6 3. g3 g6 4. Bg2 Bg7 5. d4 cxd4 6. Nxd4 Nc6 7. 0-0 0-0 8. Nc3 Ng4 9. e3 d6 10. Nce2 Qa5 11. Bd2 Qh5 1/2-1/2